Gaming Quiz

Random Gaming or Pokémon Quiz
Score 0/70 Timer 07:00
0 Plays Today
% Correct
Gotta
100%
Catch
99.9%
'Em
99.9%
All
99.9%
Squirtle
81%
Butterfree
74.8%
Mew
71.6%
Weedle
71.3%
Beedrill
69.5%
Mewtwo
69.1%
Pidgey
68.1%
Pidgeot
66.8%
Pidgeotto
65.9%
Moltres
59.5%
Geodude
59.4%
Eevee
57.6%
Golem
55.7%
Onix
55.7%
Jigglypuff
54.1%
Jynx
53.3%
Oddish
53.1%
Gloom
52.8%
Jolteon
52.7%
Nidoking
51.9%
Diglett
51.9%
Meowth
51.3%
Dugtrio
51%
Nidoqueen
50.9%
Bellsprout
50.7%
Vulpix
50.6%
Wigglytuff
50.6%
Nidorino
50.3%
Vileplume
49.8%
Growlithe
48.8%
Weepinbell
48.6%
% Correct
Muk
48.3%
Voltorb
48.2%
Victreebel
47.5%
Koffing
47%
Scyther
47%
Electrode
46.1%
Grimer
45.9%
Weezing
45.7%
Seel
44.9%
Psyduck
44.5%
Mr. Mime
44.2%
Goldeen
44.1%
Ditto
44.1%
Dewgong
43.5%
Doduo
43.3%
Golduck
42.5%
Hitmonlee
42.3%
Dodrio
40.8%
Poliwhirl
40.5%
Venomoth
40.2%
Rhydon
39.9%
Hypno
39.8%
Pinsir
39.7%
Drowzee
39.7%
Rhyhorn
39.6%
Porygon
38.3%
Cloyster
37.7%
Slowpoke
37.5%
Cubone
37.3%
Shellder
37%
Slowbro
36.9%
Exeggcute
35.9%
Exeggutor
35.1%
Kingler
32.5%
Lickitung
30.6%

You're not logged in!

Compare scores with friends on all Sporcle quizzes.
OR
Log In

Sporcle TV

Today on Sporcle TV


Watch our educational content, quiz creation guides, and fun videos on Sporcle TV.

Show Comments

Extras

Top Quizzes Today


Score Distribution

Your Account Isn't Verified!

In order to create a playlist on Sporcle, you need to verify the email address you used during registration. Go to your Sporcle Settings to finish the process.

Report this User

Report this user for behavior that violates our Community Guidelines.

Details: